Statistics for 100 Cities by Letter - A

Click here to take the quiz!

General Stats

  • This quiz has been taken 1,489 times
  • The average score is 47 of 100

Answer Stats

HintCity% Correct
World's first democracyAthens
98%
"Bicycle capital of the world"Amsterdam
97%
Replaced Istanbul in 1920Ankara
96%
Home to world's busiest airportAtlanta
92%
The capital of TexasAustin
92%
Emirati capitalAbu Dhabi
91%
New Zealand's biggest cityAuckland
91%
Capital of GhanaAccra
88%
Capital of South AustraliaAdelaide
88%
Was known for its library in antiquityAlexandria
88%
Capital of JordanAmman
88%
Where half of the Alaskans liveAnchorage
87%
Spanish for "Assumption"Asunción
83%
Taj Mahal localeAgra
82%
Belgian city of the diamond industryAntwerp
82%
African Union headquartersAddis Ababa
80%
Capital of New York stateAlbany
79%
Scotland's "Granite City"Aberdeen
78%
National capital in the PyreneesAndorra la Vella
78%
Capital of MadagascarAntananarivo
78%
Capital of TurkmenistanAshgabat
74%
Largest city in Ivory CoastAbidjan
71%
Former capital of KazakhstanAlmaty
70%
New Jersey city known for casinosAtlantic City
70%
Famous Colorado ski townAspen
68%
"Dzayer" is its Berber nameAlgiers
67%
Capital of SamoaApia
67%
Capital of EritreaAsmara
67%
The Masters host or Maine's capitalAugusta
67%
Texan city or Spanish for "yellow"Amarillo
66%
Disneyland localeAnaheim
66%
Major city in Luzon that misses
the word "Los" in the beginning
Angeles
65%
Capital of MarylandAnnapolis
65%
Namesake of a gulf north of SomaliaAden
64%
Setting of "Breaking Bad"Albuquerque
62%
Denmark's largest cities
in Jutland Peninsula
Aarhus
61%
Home to the papacy in the 1300sAvignon
61%
Gandhi started the "Salt March" hereAhmedabad
60%
Largest city on CorsicaAjaccio
60%
Site of the largest dam on the NileAswan
59%
Mexican city of cliff diversAcapulco
58%
Westernmost city in GermanyAachen
57%
Located in the middle of the OutbackAlice Springs
56%
Turkey's largest sea resortAntalya
54%
Home to Texas Rangers ballpark.
Namesake of a famous cemetery
Arlington
54%
University of Michigan's cityAnn Arbor
49%
Denmark's largest cities
in Jutland Peninsula
Aalborg
46%
Major port south of Valencia, SpainAlicante
46%
This major Nigerian city only misses
one letter from a pop group's name
Aba
45%
Tunis suburb or Grande's first nameAriana
45%
Arabs call it "Halab"Aleppo
42%
Guatemalan city known for colonial
architecture. Its name means "old"
Antigua
41%
Bavaria's third-largest cityAugsburg
40%
Chicago or Denver suburbAurora
40%
Largest city in Galicia, Spain.
Home to the Tower of Hercules
A Coruña
38%
Birthplace of LeBron JamesAkron
35%
Pennsylvanian city that Billy Joel
wrote a song about
Allentown
35%
Russia's largest city on White SeaArkhangelsk
35%
Third-smallest Mexican state;
Spanish for "Hot Springs"
Aguascalientes
34%
Jordanian port on the Red Sea
with namesake of the gulf it lies on
Aqaba
34%
Second largest city in PeruArequipa
34%
Moroccan port, site of a 1911 crisisAgadir
33%
Iraqi city home to a former U.S.
prison where detainees were abused
Abu Ghraib
31%
Largest city in Turkey's geo-cultural
region of Cilicia
Adana
31%
Capital of Aosta Valley, ItalyAosta
31%
Capital of the historical province
of Anjou in France
Angers
29%
Largest city on Somme, FranceAmiens
28%
Ancient city in northern Israel.
Namesake of a Brazilian state
Acre
27%
1992 Winter Olympics hostAlbertville
27%
Biggest city in the Volga DeltaAstrakhan
26%
Prestigious Alabaman universityAuburn
26%
Holiest city in SikhismAmritsar
25%
Western North Carolina's largest cityAsheville
25%
Northern Honshu city with nameaske
of a dog breed similar to Shiba Inu
Akita
23%
Capital of Marche, ItalyAncona
22%
Largest town outside of Iceland's
heavily populated southwest corner
Akureyri
21%
Major city in UP, India whose name
means "City of God"
Allahabad
20%
Capital of Gelderland, NetherlandsArnhem
20%
Many Kilimanjaro hikers fly into
this Tanzanian city
Arusha
19%
Pakistani city where bin Laden
was killed in his compound
Abbottabad
18%
City in Hatay, Turkey that was once
the Roman Empire's fourth-largest
Antakya
18%
City in northern Ethiopia that was
the center of an empire, 100-940
Aksum
16%
Newest city in the NetherlandsAlmere
16%
Manchurian city home to the world's
largest ever jade stone
Anshan
16%
The War of the Pacific started when
Chile occupied this port city
Antofagasta
15%
Capital of Pitcairn IslandsAdamstown
14%
Oregonian setting of "Goonies"Astoria
14%
Largest city in Metro LisbonAmadora
12%
Northernmost prefecture in HonshuAomori
12%
Religious capital of IrelandArmagh
12%
Capital of Khuzestan, IranAhvaz
11%
Largest city in central MaharashtraAurangabad
10%
"The Portuguese Venice"Aveiro
10%
Largest city in western KazakhstanAktobe
9%
The first stable capital of ChinaAnyang
9%
Capital of medieval SiamAyutthaya
9%
Main city of Sergipe, BrazilAracaju
8%
Israel's largest cargo portAshdod
8%
Most populous city in Greek ThraceAlexandroupoli
7%
One of the three capitals
of the Azores
Angra
do Heroísmo
6%

Score Distribution

Percentile by Number Answered

Percent of People with Each Score

Your Score History

You have not taken this quiz